00325nam a2200121Ia 4500008004100000041000800041082001600049100001500065245004500080260004300125300002400168365001100192240624s9999 xx 000 0 und d aeng a658.421 PAP aPAPOLA T S aENTERPRISE DEVELOPMENT IN MOUNTAIN AREAS c2004aMumbaibHimalaya Books Pvt. Ltd. a168 : p. : cm. ; 22 cRSb25